Profán szentély Jászai Mari : Hőgye Zsuzsanna /

Elmentve itt :
Bibliográfiai részletek
Szerző: Pacsika Emília
Dokumentumtípus: Cikk
Megjelent: 1991-01-21
Sorozat:Délmagyarország 81 No. 17
Kulcsszavak:Kamaraszínház
Online Access:http://dmarchiv.bibl.u-szeged.hu/120238
LEADER 00476nab a2200157 i 4500
001 delm120238
005 20191003135445.0
008 191003s1991 hu o 0|| hun d
040 |a SZTE Délmagyarország Archívum  |b hun 
041 |a hun 
100 1 |a Pacsika Emília 
245 1 0 |a Profán szentély   |h [elektronikus dokumentum] :  |b Jászai Mari : Hőgye Zsuzsanna /  |c  Pacsika Emília 
260 |c 1991-01-21 
300 |a 5 
490 0 |a Délmagyarország  |v 81 No. 17 
695 |a Kamaraszínház